[Event "Scarborough CC ch Reserves op"]
[Site "Toronto CAN"]
[Date "2010.02.25"]
[Round "1"]
[White "Huston, Scott"]
[Black "Moysoski, Randy"]
[Result "0-1"]
[WhiteElo "1630"]
[BlackElo "1886"]
[PlyCount "62"]
[EventDate "2010.02.25"]
[EventType "swiss"]
[EventRounds "9"]
[EventCountry "CAN"]

1. c4 Nf6 2. g3 e5 3. Bg2 Bc5 4. e3 Nc6 5. Ne2 a6 6. Nbc3 d6 7. d4 Ba7 8. O-O
O-O 9. b3 Bf5 10. Ba3 Re8 11. d5 Ne7 12. e4 Bg4 13. h3 Bd7 14. Qd2 Ng6 15. Kh2
Rb8 16. f4 exf4 17. Nxf4 b5 18. cxb5 axb5 19. b4 Ne5 20. Qe2 Qc8 21. Bc1 c5 22.
Be3 Qc7 23. bxc5 Bxc5 24. Bxc5 Qxc5 25. Rfc1 Qd4 26. a3 h6 27. Qd1 Nfg4+ 28.
hxg4 Nxg4+ 29. Qxg4 Bxg4 30. Rab1 Qd2 31. Nxb5 Rxb5 0-1

[Event "Scarborough CC ch Reserves op"]
[Site "Toronto CAN"]
[Date "2010.02.25"]
[Round "1"]
[White "Krupka, David"]
[Black "Moran-Venegas, Mario"]
[Result "1-0"]
[WhiteElo "2015"]
[BlackElo "1677"]
[PlyCount "77"]
[EventDate "2010.02.25"]
[EventType "swiss"]
[EventRounds "9"]
[EventCountry "CAN"]

1. e4 c5 2. Nf3 d6 3. d4 cxd4 4. Nxd4 Nf6 5. Nc3 g6 6. Be3 Bg7 7. Be2 Nc6 8.
O-O O-O 9. f3 Nxd4 10. Bxd4 Be6 11. Kh1 Qa5 12. b3 Rfc8 13. Qe1 Rc6 14. Rd1
Rac8 15. Rd3 Nh5 16. Bxg7 Kxg7 17. Nd5 Qxe1 18. Rxe1 Bxd5 19. Rxd5 Rxc2 20. Bc4
Nf4 21. Rg5 e5 22. a4 Rd2 23. h4 a6 24. Rg3 h5 25. Kg1 Rc5 26. Rb1 Kf8 27. Rg5
Ke7 28. Rg3 Rc2 29. Rg5 b5 30. axb5 axb5 31. Bf1 Rc1 32. Rb2 b4 33. Ra2 R5c2
34. Ra4 Rb2 35. Rxb4 Rbb1 36. Rb7+ Kf6 37. Rd7 Rxf1+ 38. Kh2 Rh1+ 39. Kg3 1-0

[Event "Scarborough CC ch Reserves op"]
[Site "Toronto CAN"]
[Date "2010.02.25"]
[Round "1"]
[White "Kurkowski, Ken"]
[Black "Song, Michael"]
[Result "0-1"]
[WhiteElo "1623"]
[BlackElo "1858"]
[PlyCount "67"]
[EventDate "2010.02.25"]
[EventType "swiss"]
[EventRounds "9"]
[EventCountry "CAN"]

1. d4 d5 2. c4 dxc4 3. Nf3 Nf6 4. e3 e6 5. Bxc4 c5 6. O-O Nc6 7. Nc3 a6 8. dxc5
Bxc5 9. a3 b5 10. Bd3 Bb7 11. b4 Bb6 12. Bb2 O-O 13. Qc2 Ne7 14. e4 Ng6 15.
Rad1 Qc7 16. h3 Nh5 17. a4 Ngf4 18. axb5 Nxh3+ 19. Kh1 Nxf2+ 20. Rxf2 Ng3+ 21.
Kg1 Rac8 22. bxa6 Ba8 23. Rc1 Qf4 24. Qd1 Qh6 25. Nh2 Bxf2+ 26. Kxf2 Qxh2 27.
Qg4 f5 28. Qh3 fxe4+ 29. Ke3 Nf5+ 30. Ke2 exd3+ 31. Qxd3 Qxg2+ 32. Ke1 Ng3 33.
Rc2 Rf1+ 34. Qxf1 0-1

[Event "Scarborough CC ch Reserves op"]
[Site "Toronto CAN"]
[Date "2010.02.25"]
[Round "1"]
[White "Maister, Martin"]
[Black "Cale, Ferdinand"]
[Result "0-1"]
[WhiteElo "1875"]
[BlackElo "1626"]
[PlyCount "110"]
[EventDate "2010.02.25"]
[EventType "swiss"]
[EventRounds "9"]
[EventCountry "CAN"]

1. e4 c6 2. d4 d5 3. e5 e6 4. Nf3 h6 5. Bd3 c5 6. c3 c4 7. Bc2 b5 8. a3 a5 9.
b3 Bd7 10. bxc4 bxc4 11. a4 Nc6 12. O-O Be7 13. Ba3 Na7 14. Bxe7 Nxe7 15. g3 g6
16. Na3 Nf5 17. Rb1 O-O 18. Bxf5 exf5 19. e6 fxe6 20. Ne5 Qe8 21. Qd2 g5 22. h4
f4 23. Nxd7 Qxd7 24. Qc2 Kg7 25. Nb5 Rab8 26. Qe2 Rf5 27. g4 Rf6 28. hxg5 hxg5
29. Qe5 Rbf8 30. Qxg5+ Rg6 31. Qe5+ Kg8 32. f3 Nc6 33. Qh5 Kg7 34. Qh2 e5 35.
dxe5 Nxe5 36. Nd4 Nd3 37. Qd2 Rff6 38. Rb5 Ne5 39. Rf2 Nd3 40. Rg2 Qd8 41. Nf5+
Kf8 42. Rh2 Kg8 43. Rxd5 Qf8 44. Nh4 Rg7 45. Rxa5 Qd8 46. Rh5 Qb6+ 47. Kf1 Qb1+
48. Kg2 Ne1+ 49. Kh3 Nd3 50. Qe2 Re7 51. Rg5+ Kf8 52. Ng6+ Rxg6 53. Rf5+ Ke8
54. Qg2 Rh7+ 55. Rh5 Rxh5+ 0-1

[Event "Scarborough CC ch Reserves op"]
[Site "Toronto CAN"]
[Date "2010.02.27"]
[Round "1"]
[White "Manalo, Pepin"]
[Black "Bao, Stephen"]
[Result "0-1"]
[WhiteElo "1838"]
[BlackElo "1619"]
[PlyCount "114"]
[EventDate "2010.02.25"]
[EventType "swiss"]
[EventRounds "9"]
[EventCountry "CAN"]

1. e4 c5 2. Nf3 d6 3. d4 cxd4 4. Nxd4 Nf6 5. Nc3 a6 6. Be2 e6 7. Be3 Qc7 8. g4
Nc6 9. g5 Nd7 10. Qd2 b5 11. Nxc6 Qxc6 12. a3 Bb7 13. f4 Nc5 14. Bf3 Rd8 15.
O-O a5 16. b4 axb4 17. axb4 Na6 18. Be2 Nc7 19. Ra5 Ba6 20. Rfa1 Rb8 21. Bf3
Rd8 22. Ne2 e5 23. f5 Be7 24. Nc3 Bb7 25. Be2 h6 26. Nd5 hxg5 27. Nxc7+ Qxc7
28. Bxb5+ Kf8 29. Ra7 Qb8 30. Bd3 d5 31. Qg2 dxe4 32. Bc4 Qc8 33. Bb3 Bxb4 34.
Qxg5 Be7 35. Qxe7+ Kxe7 36. Rxb7+ Qxb7 37. Ra7 Qxa7 38. Bxa7 Kf6 39. Be3 Rh3
40. Bb6 Rd2 41. Bf2 e3 42. Bg3 Rxg3+ 43. hxg3 Kxf5 44. Kf1 f6 45. c4 Ke6 46.
c5+ Kd7 47. Ba4+ Kc7 48. g4 Rd4 49. Bb3 Rxg4 50. Bd5 Rd4 51. Ba8 Rd2 52. Ke1 g5
53. Bf3 f5 54. Bh5 g4 55. Bg6 f4 56. Bf5 g3 57. Be4 g2 0-1

[Event "Scarborough CC ch Reserves op"]
[Site "Toronto CAN"]
[Date "2010.02.25"]
[Round "1"]
[White "Morra, Lui"]
[Black "Paterson, Jim"]
[Result "1-0"]
[WhiteElo "1660"]
[BlackElo "1905"]
[PlyCount "81"]
[EventDate "2010.02.25"]
[EventType "swiss"]
[EventRounds "9"]
[EventCountry "CAN"]

1. e4 e6 2. d4 d5 3. Nc3 Bb4 4. e5 Qd7 5. a3 Bf8 6. Nf3 b6 7. Bb5 c6 8. Ba4 Ba6
9. Ne2 Bc4 10. c3 b5 11. Bc2 a5 12. b3 Bxe2 13. Qxe2 Ne7 14. O-O Ng6 15. Be3
Be7 16. Nd2 Na6 17. b4 a4 18. f4 Nc7 19. f5 exf5 20. Bxf5 Ne6 21. Qg4 Ngf8 22.
Rf2 g6 23. Bd3 h5 24. Qg3 Rh7 25. Raf1 Bd8 26. Nf3 Qe7 27. h4 Ra7 28. Ng5 Nxg5
29. Bxg5 Qe6 30. Bxd8 Kxd8 31. Rf6 Qg4 32. Qxg4 hxg4 33. Rxc6 Rxh4 34. Bxb5 f5
35. Rd6+ Ke7 36. Rxd5 Ne6 37. Rd6 Rc7 38. d5 Nf8 39. Rf6 Rd7 40. d6+ Ke8 41.
Rxf8+ 1-0

[Event "Scarborough CC ch Reserves op"]
[Site "Toronto CAN"]
[Date "2010.02.25"]
[Round "1"]
[White "Rapoport, Alexander"]
[Black "Radpey, Abdolreza"]
[Result "1-0"]
[WhiteElo "1809"]
[BlackElo "1555"]
[PlyCount "55"]
[EventDate "2010.02.25"]
[EventType "swiss"]
[EventRounds "9"]
[EventCountry "CAN"]

1. Nf3 d5 2. g3 Nc6 3. d4 Nf6 4. Bg2 g6 5. O-O Bg7 6. Nbd2 h5 7. h4 Be6 8. c3
Qd7 9. Ng5 Bf5 10. e4 dxe4 11. Ndxe4 Nxe4 12. Nxe4 f6 13. Nc5 Qc8 14. Qa4 Bd7
15. Bf4 O-O 16. Rfe1 e5 17. dxe5 Nxe5 18. Nxd7 Qxd7 19. Qxd7 Nxd7 20. Bxc7 Nc5
21. Bd6 Nd3 22. Bxf8 Nxe1 23. Bxg7 Kxg7 24. Rxe1 Rb8 25. Re7+ Kh6 26. Rxb7 Rxb7
27. Bxb7 g5 28. c4 1-0

[Event "Scarborough CC ch Reserves op"]
[Site "Toronto CAN"]
[Date "2010.02.25"]
[Round "1"]
[White "Rutherdale, William"]
[Black "Hahnewald, Uwe"]
[Result "0-1"]
[WhiteElo "1734"]
[BlackElo "1935"]
[PlyCount "64"]
[EventDate "2010.02.25"]
[EventType "swiss"]
[EventRounds "9"]
[EventCountry "CAN"]

1. d4 Nf6 2. c4 e6 3. Nc3 d5 4. Nf3 Nbd7 5. Bf4 c6 6. e3 Be7 7. Bd3 O-O 8. Rc1
Re8 9. O-O Nf8 10. h3 Ng6 11. Bh2 Bd6 12. Bxd6 Qxd6 13. cxd5 exd5 14. a3 Ne4
15. b4 a6 16. Qb3 Qe7 17. Rfe1 Bf5 18. Qc2 Qf6 19. a4 Rac8 20. Red1 Nxc3 21.
Qxc3 Bxh3 22. Qc2 Bg4 23. Be2 Bf5 24. Bd3 Be4 25. Ne1 Qg5 26. Qe2 Nh4 27. f3
Bxd3 28. Rxd3 Nf5 29. f4 Ng3 30. Qf3 Qh4 31. Rdc3 Qh1+ 32. Kf2 Ne4+ 0-1

[Event "Scarborough CC ch Reserves op"]
[Site "Toronto CAN"]
[Date "2010.02.25"]
[Round "1"]
[White "Southam, David"]
[Black "Marcille, Gord"]
[Result "1/2-1/2"]
[WhiteElo "2168"]
[BlackElo "1778"]
[PlyCount "93"]
[EventDate "2010.02.25"]
[EventType "swiss"]
[EventRounds "9"]
[EventCountry "CAN"]

1. d4 Nf6 2. c4 g6 3. Nc3 Bg7 4. e4 d6 5. Bd3 O-O 6. Nge2 e5 7. d5 c5 8. f3 Nh5
9. Be3 Na6 10. Qd2 Nb4 11. Bb1 Qh4+ 12. Bf2 Qf6 13. a3 Na6 14. Be3 Qe7 15. Bd3
Bd7 16. g4 Nf4 17. Nxf4 exf4 18. Bxf4 Bd4 19. O-O-O Nc7 20. h4 b5 21. Ne2 Bg7
22. Bh6 Bh8 23. Bxf8 Qxf8 24. Qa5 Qc8 25. cxb5 c4 26. Bc2 Bxb5 27. Nd4 Rb8 28.
h5 g5 29. Qd2 h6 30. Nf5 Qf8 31. Qa5 Qd8 32. Rh2 Bd7 33. Nd4 Rb7 34. Ba4 Bxa4
35. Qxa4 Bxd4 36. Rxd4 Qf6 37. Rhd2 c3 38. bxc3 Qxf3 39. Qc6 Rb6 40. Qxc7 Qf1+
41. Rd1 Qe2 42. R4d2 Qxe4 43. Rd3 Qe2 44. R3d2 Qe4 45. Rc2 Qe3+ 46. Rdd2 Qe1+
47. Rd1 1/2-1/2

[Event "Scarborough CC ch Reserves op"]
[Site "Toronto CAN"]
[Date "2010.02.25"]
[Round "1"]
[White "Takov, Chris"]
[Black "Super, Russell"]
[Result "1-0"]
[WhiteElo "1792"]
[BlackElo "1449"]
[PlyCount "87"]
[EventDate "2010.02.25"]
[EventType "swiss"]
[EventRounds "9"]
[EventCountry "CAN"]

1. c4 e5 2. Nc3 Nc6 3. g3 f5 4. Bg2 Nf6 5. d3 Be7 6. Bg5 d6 7. e3 O-O 8. h4 h6
9. Bxf6 Bxf6 10. Bd5+ Kh8 11. Nh3 Ne7 12. Bg2 c6 13. f4 Qc7 14. Qe2 Be6 15.
O-O-O a6 16. Kb1 b5 17. Rc1 Qb6 18. Ng5 Bf7 19. b3 Rab8 20. Rhd1 g6 21. Nxf7+
Rxf7 22. d4 e4 23. c5 dxc5 24. dxc5 Qc7 25. g4 Bxh4 26. gxf5 g5 27. Nxe4 Nxf5
28. fxg5 hxg5 29. Nd6 Rf6 30. Nxf5 Rxf5 31. Rd6 Rf2 32. Qh5+ Kg8 33. Rg6+ Kf8
34. Qh8+ Ke7 35. Rg7+ Rf7 36. Rxf7+ Kxf7 37. Rf1+ Qf4 38. Qh7+ Kf8 39. exf4 g4
40. Qxh4 Kf7 41. Rd1 Kg8 42. Rd7 b4 43. Qh7+ Kf8 44. Qf7# 1-0

[Event "Scarborough CC ch Reserves op"]
[Site "Toronto CAN"]
[Date "2010.02.25"]
[Round "1"]
[White "Teram, Eli"]
[Black "Lin, Tony (Juntao)"]
[Result "0-1"]
[WhiteElo "1408"]
[BlackElo "1734"]
[PlyCount "74"]
[EventDate "2010.02.25"]
[EventType "swiss"]
[EventRounds "9"]
[EventCountry "CAN"]

1. e4 c5 2. Nf3 d6 3. Nc3 Nf6 4. Bc4 Nc6 5. Ng5 e6 6. d3 h6 7. Nf3 Be7 8. O-O
O-O 9. Re1 a6 10. e5 dxe5 11. Nxe5 Nxe5 12. Rxe5 Bd6 13. Re3 b5 14. Bb3 Qc7 15.
g3 Bb7 16. a3 Qc6 17. Ne4 Nxe4 18. dxe4 c4 19. Ba2 Bc5 20. Re1 f5 21. b4 Rad8
22. Qh5 Bd4 23. Rb1 fxe4 24. Be3 Bxe3 25. Rxe3 Rd2 26. Rf1 Rf3 27. Bb1 Qd5 28.
Qe8+ Rf8 29. Qg6 Qf5 30. Qxf5 exf5 31. c3 Rfd8 32. Kg2 g5 33. Kh3 Kf7 34. f3 f4
35. fxe4 Bc8+ 36. g4 Kg7 37. Ree1 h5 0-1

[Event "Scarborough CC ch Reserves op"]
[Site "Toronto CAN"]
[Date "2010.02.25"]
[Round "1"]
[White "Xie, Peter"]
[Black "Ward, Dean"]
[Result "0-1"]
[WhiteElo "1546"]
[BlackElo "1806"]
[PlyCount "140"]
[EventDate "2010.02.25"]
[EventType "swiss"]
[EventRounds "9"]
[EventCountry "CAN"]

1. e4 c5 2. Nf3 d6 3. d4 cxd4 4. Nxd4 Nf6 5. Nc3 g6 6. Bd3 Bg7 7. Nb3 O-O 8.
O-O Nc6 9. f3 Qb6+ 10. Kh1 Ne5 11. Nd5 Nxd5 12. exd5 Nxd3 13. Qxd3 Bf5 14. Qe2
Rfe8 15. Be3 Qc7 16. c3 h5 17. Qd2 Qc4 18. Na5 Qb5 19. Nb3 Bd3 20. Rfd1 Be2 21.
Re1 Bc4 22. Red1 Bxb3 23. axb3 Qxb3 24. Ra3 Qb5 25. b3 a6 26. c4 Qd7 27. Bd4
Bxd4 28. Qxd4 b5 29. Rda1 bxc4 30. Qxc4 Rec8 31. Qd3 Qb7 32. h3 Rc5 33. Ra5
Rac8 34. Rxa6 Rxd5 35. Qe4 Rb5 36. Qe2 Re5 37. Qb2 Rb8 38. R1a3 Qb4 39. Ra8
Re1+ 40. Kh2 f6 41. R8a4 Qb6 42. Qd4 Qxd4 43. Rxd4 Re3 44. Rc4 Rexb3 45. Ra7
R3b7 46. Rc8+ Rxc8 47. Rxb7 Kf7 48. Kg3 g5 49. h4 Rg8 50. Rb5 gxh4+ 51. Kf2 Kg6
52. Rb4 Kg5 53. Rb5+ e5 54. Rb7 d5 55. Rd7 d4 56. Rd6 Rc8 57. f4+ Kxf4 58.
Rxf6+ Kg5 59. Rf7 Rc2+ 60. Ke1 Kg6 61. Rf8 Kg7 62. Rf5 Rxg2 63. Rxh5 Kf6 64.
Rxh4 Ke6 65. Re4 Kd5 66. Rh4 e4 67. Rh3 d3 68. Rh4 Kd4 69. Rh3 e3 70. Rf3 d2+
0-1

[Event "Scarborough CC ch Reserves op"]
[Site "Toronto CAN"]
[Date "2010.03.04"]
[Round "2"]
[White "Bao, Stephen"]
[Black "Southam, David"]
[Result "0-1"]
[WhiteElo "1619"]
[BlackElo "2168"]
[PlyCount "106"]
[EventDate "2010.02.25"]
[EventType "swiss"]
[EventRounds "9"]
[EventCountry "CAN"]

1. e4 c5 2. Nf3 e6 3. d4 cxd4 4. Nxd4 Nc6 5. Nc3 a6 6. Be3 Nge7 7. f4 b5 8. a3
Nxd4 9. Qxd4 Nc6 10. Qd2 Be7 11. Be2 O-O 12. O-O d6 13. Bf3 Bb7 14. Rad1 Qc7
15. Ne2 Rac8 16. b4 Nb8 17. c3 Rfd8 18. Qd4 Nd7 19. Rc1 Bf6 20. Qd3 Nb6 21. Rc2
Nc4 22. Bc1 Be7 23. Kh1 Bf8 24. Ng3 Qe7 25. Rd1 Re8 26. Nf1 Rc7 27. Nd2 Rec8
28. Nxc4 Rxc4 29. Qe3 Qc7 30. Bb2 Bc6 31. Rd4 Bb7 32. Qd3 g6 33. Rxc4 Qxc4 34.
Qxc4 Rxc4 35. Re2 Bh6 36. g3 f5 37. Re3 fxe4 38. Be2 Rc7 39. Bd1 Kf7 40. Bc2 d5
41. Re2 Bg7 42. Bd1 Ke7 43. Kg1 e5 44. fxe5 Bxe5 45. Re3 Kd6 46. Kf1 Bc8 47.
Ke1 Rf7 48. Kd2 h5 49. Kc2 Rf2+ 50. Re2 Rf1 51. Rd2 e3 52. Rg2 Bh3 53. Re2 Bg4
0-1

[Event "Scarborough CC ch Reserves op"]
[Site "Toronto CAN"]
[Date "2010.03.04"]
[Round "2"]
[White "Conte, Mike"]
[Black "Stewart, Frankie"]
[Result "1-0"]
[WhiteElo "1823"]
[BlackElo "1766"]
[PlyCount "115"]
[EventDate "2010.02.25"]
[EventType "swiss"]
[EventRounds "9"]
[EventCountry "CAN"]

1. d4 d5 2. Nf3 e6 3. Bf4 Bd6 4. e3 Bxf4 5. exf4 Nf6 6. Nbd2 Nbd7 7. Bd3 b6 8.
c3 c5 9. Ne5 a5 10. Ndf3 Qc7 11. Bb5 O-O 12. Rc1 Nb8 13. a4 Ba6 14. c4 Bxb5 15.
cxb5 Nfd7 16. Qc2 f6 17. Nxd7 Nxd7 18. Qd2 Qd6 19. O-O cxd4 20. Nxd4 Nc5 21.
Rfe1 Kh8 22. g3 Rae8 23. Re2 e5 24. fxe5 fxe5 25. Qe3 Qf6 26. Nc6 Re6 27. b4 d4
28. Qa3 axb4 29. Nxb4 Qf3 30. Qxf3 Rxf3 31. Ra2 e4 32. Nd5 e3 33. fxe3 dxe3 34.
Nxb6 e2 35. Rxe2 Rxe2 36. Rxc5 h6 37. Nd5 Ra3 38. Rc1 Raa2 39. Nc3 Rg2+ 40. Kf1
Raf2+ 41. Ke1 Rf8 42. Nd5 Rg1+ 43. Kd2 Rg2+ 44. Ke3 Rxh2 45. a5 Rg2 46. b6
Rxg3+ 47. Kd4 Ra3 48. b7 Rxa5 49. Rc8 Rb5 50. Rxf8+ Kh7 51. b8=Q Rxb8 52. Rxb8
h5 53. Ke4 Kg6 54. Kf4 Kh7 55. Kg5 g6 56. Rb7+ Kg8 57. Kxg6 Kf8 58. Rb8# 1-0

[Event "Scarborough CC ch Reserves op"]
[Site "Toronto CAN"]
[Date "2010.03.04"]
[Round "2"]
[White "Douglas, Richard"]
[Black "Azmitia, Gabriel"]
[Result "0-1"]
[WhiteElo "1872"]
[BlackElo "1575"]
[PlyCount "62"]
[EventDate "2010.02.25"]
[EventType "swiss"]
[EventRounds "9"]
[EventCountry "CAN"]

1. e4 c5 2. Nc3 a6 3. f4 d6 4. f5 Nf6 5. Nf3 Nc6 6. d4 cxd4 7. Nxd4 Qc7 8. Bg5
b5 9. Bxf6 gxf6 10. Nd5 Qb7 11. Nb3 Bg7 12. Qg4 Rg8 13. O-O-O Bd7 14. Qh5 h6
15. Kb1 O-O-O 16. Qxf7 Rdf8 17. Nxe7+ Nxe7 18. Qxe7 Rd8 19. Rxd6 Bf8 20. Qxf6
Bxd6 21. Qxd6 Qxe4 22. Qxa6+ Qb7 23. Qxb7+ Kxb7 24. Nd4 Bxf5 25. Nb3 Rd1+ 26.
Nc1 Rc8 27. Bd3 Rxh1 28. Bxf5 Re8 29. b3 Ree1 30. Kb2 Rxc1 31. h3 b4 0-1

[Event "Scarborough CC ch Reserves op"]
[Site "Toronto CAN"]
[Date "2010.03.04"]
[Round "2"]
[White "Fiedler, Brian"]
[Black "Rapoport, Alexander"]
[Result "1-0"]
[WhiteElo "2161"]
[BlackElo "1809"]
[PlyCount "95"]
[EventDate "2010.02.25"]
[EventType "swiss"]
[EventRounds "9"]
[EventCountry "CAN"]

1. Nf3 c5 2. c4 Nc6 3. Nc3 Nf6 4. d4 cxd4 5. Nxd4 Qb6 6. Nb3 e6 7. e4 Bb4 8.
Qe2 Nd4 9. Nxd4 Qxd4 10. Bd2 O-O 11. f3 d6 12. O-O-O Qc5 13. a3 Bxc3 14. Bxc3
Qg5+ 15. Qd2 Qxd2+ 16. Rxd2 Rd8 17. e5 Ne8 18. Be2 d5 19. Rhd1 Bd7 20. cxd5 Ba4
21. d6 Bxd1 22. Kxd1 f6 23. f4 g5 24. g3 fxe5 25. fxe5 Ng7 26. g4 Rac8 27. Bd4
b6 28. Be3 h6 29. Ba6 Rc6 30. Bb5 Rcc8 31. h4 gxh4 32. Rh2 h5 33. Rxh4 hxg4 34.
Rxg4 Kf7 35. Bg5 Nf5 36. Ra4 a5 37. Bxd8 Rxd8 38. Ke2 Kg6 39. Bd3 Kg5 40. Rc4
Rd7 41. Rc7 Rd8 42. Kf3 Rf8 43. Ke4 Ng3+ 44. Kd4 Nf5+ 45. Bxf5 Kxf5 46. Rb7 Rh8
47. Rf7+ Kg6 48. Rf6+ 1-0

[Event "Scarborough CC ch Reserves op"]
[Site "Toronto CAN"]
[Date "2010.03.04"]
[Round "2"]
[White "Gillis, Doug"]
[Black "Wu, Kevin"]
[Result "1/2-1/2"]
[WhiteElo "1611"]
[BlackElo "1911"]
[PlyCount "43"]
[EventDate "2010.02.25"]
[EventType "swiss"]
[EventRounds "9"]
[EventCountry "CAN"]

1. e4 c5 2. Nf3 d6 3. d4 cxd4 4. Qxd4 a6 5. Be3 Nc6 6. Qb6 Qxb6 7. Bxb6 Nf6 8.
Nc3 e6 9. O-O-O Be7 10. Bc7 b5 11. Bxd6 b4 12. Bxe7 Kxe7 13. e5 Ng4 14. Ne4
Ngxe5 15. Nxe5 Nxe5 16. Be2 Bb7 17. f3 Bd5 18. Nc5 a5 19. Na4 Rab8 20. Rhe1 Nc4
21. Rxd5 exd5 22. Bxc4+ 1/2-1/2

[Event "Scarborough CC ch Reserves op"]
[Site "Toronto CAN"]
[Date "2010.03.04"]
[Round "2"]
[White "Graham, John"]
[Black "Paterson, Jim"]
[Result "0-1"]
[WhiteElo "1447"]
[BlackElo "1905"]
[PlyCount "80"]
[EventDate "2010.02.25"]
[EventType "swiss"]
[EventRounds "9"]
[EventCountry "CAN"]

1. e4 e5 2. Nf3 d6 3. d4 Nd7 4. Nc3 Be7 5. Be2 Ngf6 6. O-O O-O 7. b3 c6 8. Bb2
Qc7 9. Qd2 Re8 10. Bc4 Nb6 11. Bd3 Bg4 12. dxe5 dxe5 13. Qe3 Nbd7 14. Bc4 h6
15. Nh4 Nf8 16. Ne2 Be6 17. f4 exf4 18. Nxf4 Bxc4 19. bxc4 Ng4 20. Qf3 Qb6+ 21.
Kh1 Ne3 22. Rf2 Bxh4 23. Bxg7 Bxf2 24. Nh5 Bh4 25. g3 Bg5 26. c3 Nc2 27. Rf1
Qc7 28. h4 Ne6 29. hxg5 Nxg7 30. gxh6 Nxh5 31. Qg4+ Kh8 32. Qxh5 Qxg3 33. Rg1
Qe5 34. Qxf7 Qxe4+ 35. Rg2 Qh4+ 36. Rh2 Re1+ 37. Kg2 Re2+ 38. Kf3 Qe4+ 39. Kg3
Rg8+ 40. Kh3 Re3+ 0-1

[Event "Scarborough CC ch Reserves op"]
[Site "Toronto CAN"]
[Date "2010.03.04"]
[Round "2"]
[White "Hahnewald, Uwe"]
[Black "Bellomo, Joe"]
[Result "1-0"]
[WhiteElo "1935"]
[BlackElo "1778"]
[PlyCount "75"]
[EventDate "2010.02.25"]
[EventType "swiss"]
[EventRounds "9"]
[EventCountry "CAN"]

1. e4 c5 2. c3 Nc6 3. d4 cxd4 4. cxd4 Qb6 5. Nf3 Nf6 6. Nc3 d6 7. Bb5 a6 8. Ba4
Bd7 9. O-O e6 10. d5 Ne5 11. Nxe5 dxe5 12. dxe6 Qxe6 13. Bg5 Bxa4 14. Qxa4+ Qc6
15. Qxc6+ bxc6 16. Rac1 Be7 17. Rfe1 O-O 18. Na4 Bb4 19. Re2 Rfd8 20. f3 Rd6
21. Rec2 Rc8 22. Nb6 Rc7 23. a3 Ba5 24. Nc4 Nxe4 25. fxe4 Rg6 26. Bd8 Rd7 27.
Bxa5 f6 28. Nb6 Rd4 29. Rc4 Rd3 30. Rxc6 h5 31. Nd5 Rg4 32. Rc8+ Kh7 33. R1c7
Rd1+ 34. Kf2 Rg6 35. Rb8 Rh1 36. Rcc8 Rg5 37. Ne7 g6 38. Rb7 1-0

[Event "Scarborough CC ch Reserves op"]
[Site "Toronto CAN"]
[Date "2010.03.04"]
[Round "2"]
[White "Huston, Scott"]
[Black "Manalo, Pepin"]
[Result "0-1"]
[WhiteElo "1630"]
[BlackElo "1838"]
[PlyCount "120"]
[EventDate "2010.02.25"]
[EventType "swiss"]
[EventRounds "9"]
[EventCountry "CAN"]

1. c4 Nf6 2. g3 g6 3. Bg2 Bg7 4. Nf3 O-O 5. d3 d6 6. Nc3 c6 7. O-O Bg4 8. h3
Bd7 9. Qb3 Qc8 10. Kh2 Na6 11. Be3 Nc7 12. Rac1 e5 13. c5 Be6 14. Qc2 Qd7 15.
b4 Nfd5 16. Nxd5 Nxd5 17. a3 Nxe3 18. fxe3 d5 19. Rcd1 Qe7 20. Nd2 f5 21. e4 f4
22. g4 Qh4 23. Nf3 Qe7 24. exd5 Bxd5 25. Nd2 Qh4 26. Bxd5+ cxd5 27. Rg1 Rac8
28. Qa2 Rcd8 29. Ne4 f3 30. Rdf1 Kh8 31. Nd6 Bh6 32. Rxf3 Rxf3 33. exf3 Bf4+
34. Kg2 Qg3+ 35. Kf1 Qxf3+ 36. Ke1 Bg3+ 37. Rxg3 Qxg3+ 38. Qf2 Qxf2+ 39. Kxf2
Rd7 40. Ke3 Kg7 41. g5 h5 42. h4 Kf8 43. b5 b6 44. c6 Rc7 45. d4 e4 46. Nxe4
dxe4 47. Kxe4 Re7+ 48. Kd5 Ke8 49. Kd6 Kd8 50. d5 Re4 51. a4 Re7 52. a5 bxa5
53. Kc5 Re5 54. Kd6 Re2 55. Kc5 Rc2+ 56. Kd4 Kc7 57. Ke5 Rd2 58. Ke6 a4 59. Kf6
a3 60. Kxg6 a2 0-1

[Event "Scarborough CC ch Reserves op"]
[Site "Toronto CAN"]
[Date "2010.03.04"]
[Round "2"]
[White "Krupka, David"]
[Black "Takov, Chris"]
[Result "1/2-1/2"]
[WhiteElo "2015"]
[BlackElo "1792"]
[PlyCount "89"]
[EventDate "2010.02.25"]
[EventType "swiss"]
[EventRounds "9"]
[EventCountry "CAN"]

1. d4 Nf6 2. c4 d6 3. Nf3 g6 4. g3 Bg7 5. Bg2 O-O 6. Nc3 Nc6 7. d5 Nb8 8. O-O
c5 9. h3 e5 10. e4 a6 11. a4 Ne8 12. Bg5 f6 13. Be3 f5 14. Qd2 Ra7 15. b4 f4
16. gxf4 exf4 17. Bxf4 Bxc3 18. Qxc3 Rxf4 19. bxc5 Rxe4 20. cxd6 Nxd6 21. Ne5
Qg5 22. Rae1 Rh4 23. Nf3 Rxh3 24. Re3 Rxf3 25. Rxf3 Bg4 26. Re3 Nd7 27. c5 Nf5
28. f4 Qf6 29. Qxf6 Nxf6 30. Rb3 Be2 31. Rfb1 Bc4 32. Rxb7 Rxb7 33. Rxb7 Nxd5
34. c6 Nde7 35. c7 Nd6 36. Rb8+ Kf7 37. Bh3 Be6 38. Bxe6+ Kxe6 39. Ra8 Kd7 40.
Rxa6 Kxc7 41. Ra8 Ndc8 42. Ra6 Nb6 43. Kh2 Nbc8 44. Rf6 Nd6 45. Rf8 1/2-1/2

[Event "Scarborough CC ch Reserves op"]
[Site "Toronto CAN"]
[Date "2010.03.04"]
[Round "2"]
[White "Lin, Tony (Juntao)"]
[Black "Bzikot, Robert"]
[Result "1-0"]
[WhiteElo "1734"]
[BlackElo "1928"]
[PlyCount "61"]
[EventDate "2010.02.25"]
[EventType "swiss"]
[EventRounds "9"]
[EventCountry "CAN"]

1. e4 d6 2. d4 Nf6 3. Nc3 g6 4. Be3 Nbd7 5. f3 c5 6. dxc5 Nxc5 7. Bxc5 dxc5 8.
Qxd8+ Kxd8 9. O-O-O+ Kc7 10. Bc4 e6 11. Kb1 a6 12. a4 Bd7 13. Nh3 Bh6 14. a5
Bc6 15. e5 Nd7 16. Rhe1 Rad8 17. Rd3 Rhf8 18. g3 Nb8 19. f4 Bg2 20. Nf2 Nc6 21.
Nfe4 Nxa5 22. Rxd8 Rxd8 23. Be2 Nc6 24. Nxc5 Bf8 25. N5e4 Be7 26. h4 h5 27. Bf1
Bxf1 28. Rxf1 Nd4 29. Rf2 Nf5 30. Rf3 Kc6 31. Ne2 1-0

[Event "Scarborough CC ch Reserves op"]
[Site "Toronto CAN"]
[Date "2010.03.04"]
[Round "2"]
[White "Liu, Jiaxin (Dora)"]
[Black "Termeer, Ted"]
[Result "0-1"]
[WhiteElo "1297"]
[BlackElo "1548"]
[PlyCount "120"]
[EventDate "2010.02.25"]
[EventType "swiss"]
[EventRounds "9"]
[EventCountry "CAN"]

1. e4 c5 2. Nf3 Nc6 3. d4 cxd4 4. Nxd4 e5 5. Nf3 Nf6 6. Nc3 Bb4 7. Bg5 Bxc3+ 8.
bxc3 h6 9. Bh4 g5 10. Bg3 d6 11. Bd3 Qa5 12. Qd2 Nh5 13. O-O Qc7 14. Qe2 Bg4
15. h3 Bxf3 16. Qxf3 Nf4 17. Bxf4 gxf4 18. Qg4 Qe7 19. Bc4 Qg5 20. Qxg5 hxg5
21. Bd5 Ke7 22. Rab1 Rab8 23. Rb2 Nd8 24. Rfb1 b6 25. a4 Ne6 26. Bxe6 Kxe6 27.
a5 Rhc8 28. axb6 Rxb6 29. Rxb6 axb6 30. Rxb6 Rxc3 31. Rb2 f3 32. gxf3 Rxf3 33.
Kg2 Rc3 34. f3 f5 35. exf5+ Kxf5 36. Kf2 d5 37. Ke2 Kf4 38. Kd2 Rxf3 39. Rb3 e4
40. Ke2 Rxb3 41. cxb3 Ke5 42. Ke3 d4+ 43. Ke2 Kd5 44. Kd2 Kc5 45. Kc1 Kb4 46.
Kc2 Ka3 47. b4 Kxb4 48. Kd2 Kb3 49. Ke2 Kc2 50. Kf2 d3 51. Ke3 d2 52. Kxe4 d1=Q
53. Kf5 Qh5 54. Ke4 Qxh3 55. Kd4 g4 56. Ke4 g3 57. Kf4 g2 58. Ke5 g1=Q 59. Ke4
Qd3+ 60. Kf4 Qgf1+ 0-1

[Event "Scarborough CC ch Reserves op"]
[Site "Toronto CAN"]
[Date "2010.03.04"]
[Round "2"]
[White "Luiting, Larry"]
[Black "Xie, Peter"]
[Result "1-0"]
[WhiteElo "1702"]
[BlackElo "1546"]
[PlyCount "69"]
[EventDate "2010.02.25"]
[EventType "swiss"]
[EventRounds "9"]
[EventCountry "CAN"]

1. e4 e5 2. Nf3 Nc6 3. d4 exd4 4. Nxd4 Bc5 5. c3 Qf6 6. Be3 Nge7 7. Bc4 O-O 8.
O-O d6 9. Qd2 Ne5 10. Bb3 Qg6 11. f3 N7c6 12. Na3 Na5 13. Qe2 Nxb3 14. axb3 f5
15. exf5 Bxf5 16. Nxf5 Qxf5 17. Bxc5 dxc5 18. Nb5 Rae8 19. Nxc7 Re7 20. Nd5 Rd7
21. Rad1 Nc6 22. Qc4 Kh8 23. Qxc5 Ne5 24. Qe3 Rfd8 25. c4 b5 26. Rfe1 Re8 27.
f4 bxc4 28. fxe5 cxb3 29. Nc3 Rde7 30. Rd5 Kg8 31. e6 Qf6 32. Rd6 a5 33. Nd5
Qxb2 34. Nxe7+ Rxe7 35. Rd8+ 1-0